LEADER 01815nam 2200385Ia 450 001 996385362903316 005 20221108083520.0 035 $a(CKB)1000000000608270 035 $a(EEBO)2240950103 035 $a(OCoLC)9920125500971 035 $a(EXLCZ)991000000000608270 100 $a19901018d1639 uy | 101 0 $aeng 135 $aurbn||||a|bb| 200 12$aA most excellent treatise containing the way to seek heavens glory, to flie earths vanity, to feare hells horror$b[electronic resource] $ewith Godly prayers and the bell-mans summons 205 $aThe third edition /$bby S.R. 210 $aLondon $cPrinted by G.M. for Michael Sparke Junior at the blew [sic] Bible in Greene-Arbour$d1639 215 $a[24], 236 [i.e. 238], [23] p 300 $aAdded engraved t.p. (with 1638 imprint) has title: Heavens glory, seeke it, earts [sic] vanitie, flye it, hells horror, fere it. 300 $a"Godly [p]rayers necessary and usefull for Christian families upon several occasions" and "The common calles, cries and sounds of the bel-man" each has special t.p. "Godly prayers" has 1629 imprint. 300 $aSignatures: A-M¹² (last leaf blank). 300 $aErrors in paging: p. 215-216 repeated in the numbering. 300 $aImperfect: cropped and tightly bound, with slight loss of print. 300 $aReproduction of original in the British Library. 330 $aeebo-0018 606 $aChristian life$vEarly works to 1800 615 0$aChristian life 700 $aRowlands$b Samuel$f1570?-1630?$01003803 801 0$bEBK 801 1$bEBK 801 2$bWaOLN 906 $aBOOK 912 $a996385362903316 996 $aA most excellent treatise containing the way to seek heavens glory, to flie earths vanity, to feare hells horror$92410652 997 $aUNISA LEADER 02066nas 2200661-a 450 001 9910144511703321 005 20260218110657.0 035 $a(CKB)991042731615696 035 $a(CONSER)---95652017- 035 $a(DE-599)ZDB2027318-6 035 $a(DE-599)2854598-9 035 $a(DE-599)2634763-5 035 $a(DE-599)3009271-1 035 $a(DE-599)2854601-5 035 $a(EXLCZ)99991042731615696 100 $a19950224a19859999 --- - 101 0 $ager 181 $ctxt$2rdacontent 182 $cc$2rdamedia 183 $acr$2rdacarrier 200 00$aKAS-Auslands-Informationen /$fKonrad-Adenauer-Stiftung 210 $aBonn $cKonrad-Adenauer-Stiftung, Internationale Zusammenarbeit 215 $a1 online resource 311 08$aPrint version: KAS-Auslands-Informationen / 0177-7521 (DLC) 95652017 (OCoLC)32045977 517 3 $aKAS Auslandsinformationen 517 3 $aAuslandsinformationen 606 $aWorld politics$y1989-$vPeriodicals 606 $aWorld politics$y1985-1995$vPeriodicals 606 $aWorld politics$2fast$3(OCoLC)fst01181381 606 $aWeltpolitik$2gnd 606 $aInternationale Politik$2gnd 606 $aZeitschrift$2gnd 606 $aWirtschaftspolitik$2stw 606 $aSozialpolitik$2stw 606 $aVolkswirtschaft$2stw 606 $aWelt$2stw 608 $aZeitschrift. 608 $aPeriodicals.$2fast 608 $aZeitschrift.$2gnd 608 $aZeitschrift.$2swd 615 0$aWorld politics 615 0$aWorld politics 615 7$aWorld politics. 615 7$aWeltpolitik. 615 7$aInternationale Politik. 615 7$aZeitschrift. 615 7$aWirtschaftspolitik. 615 7$aSozialpolitik. 615 7$aVolkswirtschaft. 615 7$aWelt. 676 $a909.82/05 712 02$aKonrad-Adenauer-Stiftung. 712 02$aKonrad-Adenauer-Stiftung.$bInternationale Zusammenarbeit. 906 $aJOURNAL 912 $a9910144511703321 920 $aexl_impl conversion 996 $aKAS-Auslands-Informationen$92168781 997 $aUNINA